| 000 | 00501nam a2200205Ia 4500 | ||
|---|---|---|---|
| 005 | 20250425161828.0 | ||
| 008 | 250425s9999 xx 000 0 und d | ||
| 041 | _aspa | ||
| 082 | _a351.722 | ||
| 245 | 0 | _aPRESUPUESTO FINANCIERO POR EL EJERCICIO ECONOMICO DEL AÑO 1990 | |
| 250 | _a1A ED. | ||
| 260 |
_aEcuador _bS.E. _c1990 |
||
| 260 | _aGUAYAQUIL | ||
| 300 | _a283 | ||
| 650 | _aCONTROL | ||
| 650 | _aFINANZAS | ||
| 650 | _aPRESUPUESTO ADMINISTRATIVO | ||
| 942 | _c01 | ||
| 010 | _a31399 | ||
| 999 |
_c216951 _d216951 |
||